Fußballer mit den meisten Länderspieltoren - Statistiken

Allgemein
  • Dieses Quiz wurde 74 mal gespielt
  • Das Durchschnittsergebnis liegt bei 3 aus 10
Antwortstatistiken
Tore Spieler % Korrekt
136 Cristiano Ronaldo
99%
112 Lionel Messi
96%
79 Neymar
45%
85 Robert Lewandowski
38%
108 Ali Daei
36%
88 Romelu Lukaku
16%
89 Mokhtar Dahari
3%
72 Majed Abdullah
1%
95 Sunil Chhetri
1%
78 Hussein Saeed Mohammed
0%
Keine übereinstimmenden Quizze gefunden
Verteilung der Resultate
Anzahl Personen mit jedem Resultat
Perzentil nach korrekt beantworteten Fragen
Ihre Resultats-Entwicklung
Sie haben dieses Quiz noch nicht gespielt